| 000 | 00523nam a2200205Ia 4500 | ||
|---|---|---|---|
| 005 | 20230804105108.0 | ||
| 008 | 140110s9999 xx 000 0 und d | ||
| 020 |
_a978034910653 _c699.00 |
||
| 040 | _aLoreto College | ||
| 041 | _aEnglish | ||
| 082 |
_a920 _bMAN |
||
| 100 | _aMandela,Nelson | ||
| 245 |
_aLong walk to freedom _cNelson Mandela |
||
| 260 |
_aLondon _bLittle,Brown _c2010 |
||
| 300 | _aix,628p. | ||
| 504 | _aIncludes index | ||
| 650 | _aMandela,Nelson-Autobiography | ||
| 850 | _aLCLIB | ||
| 942 | _cBK | ||
| 999 |
_c40759 _d91238 |
||